logo

Bir Sreshtho Munshi Abdur Rouf Library
Jhenaidah Cadet College

উচ্চ মাধ্যমিক জীববিজ্ঞান ( দ্বিতীয় পত্র: প্রাণিবিজ্ঞান) / (Record no. 5506)

MARC details
000 -LEADER
fixed length control field 00664nam a2200205 a 4500
001 - CONTROL NUMBER
JCCL Control Number 5506
003 - CONTROL NUMBER IDENTIFIER
JCCL marc code BD-JhCC
005 - DATE AND TIME OF LATEST TRANSACTION
control field 20180305124254.0
008 - FIXED-LENGTH DATA ELEMENTS--GENERAL INFORMATION
fixed length control field 171217s1980 bg ||||| |||| 00| 0 ben d
035 ## - SYSTEM CONTROL NUMBER
system control number (BD-JhCC)5506
040 ## - CATALOGING SOURCE
Original cataloging agency BD-JhCC
Modifying agency BD-JhCC
041 ## - LANGUAGE CODE
Language code of Book ben
082 ## - DEWEY DECIMAL CLASSIFICATION NUMBER
Classification number 591
Author mark and Year AJM 1980
100 ## - MAIN ENTRY--PERSONAL NAME
Personal name আজমল, গাজী এস. এম.
245 ## - TITLE STATEMENT
Title উচ্চ মাধ্যমিক জীববিজ্ঞান ( দ্বিতীয় পত্র: প্রাণিবিজ্ঞান) /
Statement of responsibility, etc গাজী এস. এম. আজমল
300 ## - PHYSICAL DESCRIPTION
Pagination 392 p. :
Dimensions 23 cm.
650 ## - SUBJECT ADDED ENTRY--TOPICAL TERM
Topical term or geographic name as entry element Zoology
942 ## - ADDED ENTRY ELEMENTS (KOHA)
Source of classification or shelving scheme Dewey Decimal Classification
Koha item type Books
Holdings
Source of classification or shelving scheme Damaged status Not for loan Home library Current library Shelving location Date of accession Cost, normal purchase price Total Checkouts Full call number Barcode Date last seen Date checked out Copy number Koha item type
Dewey Decimal Classification     JCC Rouf Library JCC Rouf Library General Stacks 12/17/2017 91.00 1 591 AJM 1980 7768 04/22/2024 04/21/2024 C - 1 Books
Dewey Decimal Classification     JCC Rouf Library JCC Rouf Library General Stacks 12/19/2017 124.00 1 591 AJM 1980 7681 06/13/2023 05/24/2023 C-2 Books
Dewey Decimal Classification     JCC Rouf Library JCC Rouf Library General Stacks 02/08/2018 124.00 1 591 AJM 1980 8627 01/16/2019 12/08/2018 C-3 Books
Dewey Decimal Classification     JCC Rouf Library JCC Rouf Library General Stacks 03/05/2018 124.00   591 AJM 1980 11901 03/05/2018   C-4 Books

JCC Library | Contacts | JCC Home

Last Update on 23 September 2017
Copyright @ 2017-2020 JCC Rouf Library
Rouf Library, Jhenidah Cadet College (JCC), Bangladesh